Encyclopedia brown and the case of the secret pitch / (Record no. 4694)

MARC details
000 -LEADER
fixed length control field 01019nam a22003017a 4500
001 - CONTROL NUMBER
control field 4694
003 - CONTROL NUMBER IDENTIFIER
control field FISKH
005 - DATE AND TIME OF LATEST TRANSACTION
control field 20240923085606.0
008 - FIXED-LENGTH DATA ELEMENTS--GENERAL INFORMATION
fixed length control field 240923b cb ||||| |||| 00| 0 eng d
020 ## - INTERNATIONAL STANDARD BOOK NUMBER
International Standard Book Number 9780553157369
040 ## - CATALOGING SOURCE
Original cataloging agency FISKH
Language of cataloging eng
Transcribing agency FISKH
Modifying agency FISKH
050 ## - LIBRARY OF CONGRESS CALL NUMBER
Classification number PZ7.S68524
082 ## - DEWEY DECIMAL CLASSIFICATION NUMBER
Edition number 511
100 ## - MAIN ENTRY--PERSONAL NAME
Personal name J.Sobol, Donald
Dates associated with a name (1924–2012)
245 ## - TITLE STATEMENT
Title Encyclopedia brown and the case of the secret pitch /
Statement of responsibility, etc. By Donald J.Sobol Illustrated by Leonard Shortall
250 ## - EDITION STATEMENT
Edition statement 1978
260 ## - PUBLICATION, DISTRIBUTION, ETC.
Place of publication, distribution, etc. New York :
Name of publisher, distributor, etc. A Bantam Skylar,
Date of publication, distribution, etc. 1978.
300 ## - PHYSICAL DESCRIPTION
Extent 112 pages :
Other physical details illustrations ;
Dimensions 20cm
505 ## - FORMATTED CONTENTS NOTE
Formatted contents note P<br/>
520 ## - SUMMARY, ETC.
Summary, etc. America's Sherlock Holmes in sneakers continues his war on crime in ten more cases, the solutions to which are found in the back of the book.
521 8# - TARGET AUDIENCE NOTE
Target audience note 630L<br/>
Source Lexile<br/>
521 8# - TARGET AUDIENCE NOTE
Target audience note P<br/>
Source Raz-Plus<br/>
650 ## - SUBJECT ADDED ENTRY--TOPICAL TERM
Source of heading or term Chapter book
Topical term or geographic name entry element Children
Form subdivision Detective
650 ## - SUBJECT ADDED ENTRY--TOPICAL TERM
Source of heading or term Children's books
Topical term or geographic name entry element Series
Form subdivision Mystery
700 ## - ADDED ENTRY--PERSONAL NAME
Personal name Shortall, Leonard
Dates associated with a name Illustrator
942 ## - ADDED ENTRY ELEMENTS (KOHA)
Source of classification or shelving scheme Dewey Decimal Classification
Koha item type Books
Suppress in OPAC No
Holdings
Withdrawn status Lost status Source of classification or shelving scheme Damaged status Not for loan Collection Home library Current library Shelving location Date acquired Total Checkouts Full call number Barcode Date last seen Copy number Price effective from Koha item type
    Dewey Decimal Classification     Juvenile Fiction Footprints International School Library Network Toul Kork Campus Footprints International School Library Network Toul Kork Campus TTP Primary Yellow Bookshelves 09/23/2024   SOB 511 PZ7.S68524 2024-2054 09/23/2024 1 09/23/2024 Books